000 00657nam a22001697a 4500
020 _qHard Cover.
082 _a005
100 _aMuhammad Ali, Mirza ; Mian Ithtisham Shah ; Muhammad Abdullah Wajahat
245 _aScence Analysis fo rthe Visually Impaired (SAVI) /
_cMirza Muhammad Ali ; Mian Ithtisham Shah ; Muhammad Abdullah Wajahat.
260 _aIslamabad :
_bSEECS - NUST,
_c2018.
300 _a34 p. : ill. ;
_c30cm.
650 _aComputer Science-Project Report.
700 _aDr. Omer Arif.
_930752
856 _uhttp://10.250.8.41:8080/xmlui/handle/123456789/20514
942 _2ddc
_cPR
999 _c536106
_d536106